| 000 | 00395nam a22001337a 4500 | ||
|---|---|---|---|
| 020 | _a978-7508541389 | ||
| 040 | _cNUST CL | ||
| 082 |
_a337.51 _bYAF |
||
| 100 |
_aYafei , He _983142 |
||
| 245 |
_aChina and global governance/ _cHe Yafei |
||
| 260 |
_aSingapore : _bCengage Learning Asia Pte Ltd, _c2019. |
||
| 300 | _axxi, 202 pages : color illustrations, 1 online resource. | ||
| 942 |
_2ddc _cBK |
||
| 999 |
_c586510 _d586510 |
||